[Event "18th ch-EUR Indiv w 2017"]
[Site "Riga LAT"]
[Date "2017.04.17"]
[Round "7.53"]
[White "Drljevic,L"]
[Black "Makka,I"]
[Result "1-0"]
[WhiteElo "2237"]
[BlackElo "2069"]

1.g3 d5 2.Bg2 c6 3.Nf3 Bg4 4.O-O Nd7 5.d3 Ngf6 6.Qe1 e5 7.e4 Bd6 8.h3 Bh5
9.Nh4 O-O 10.Nf5 Bc7 11.a4 Re8 12.a5 Nf8 13.b4 dxe4 14.dxe4 b6 15.a6 Ne6
16.Na3 Qd7 17.Bb2 Rad8 18.Nc4 Nf8 19.f4 exf4 20.Nxg7 Kxg7 21.g4 b5 22.Qh4 Qe6
23.g5 bxc4 24.Bxf6+ Kg6 25.e5 Qf5 26.Rxf4 Bb6+ 27.Kh1 Qxc2 28.Bxd8 Rxe5
29.Rf6+ Kg7 30.Qxh5 Ng6 31.Raf1 Kg8 {#r} 1-0

[Event "18th ch-EUR Indiv w 2017"]
[Site "Riga LAT"]
[Date "2017.04.17"]
[Round "7.57"]
[White "Narva,M"]
[Black "Parhomenko,Margarita"]
[Result "1-0"]
[WhiteElo "2249"]
[BlackElo "1987"]

1.e4 e6 2.d4 d5 3.e5 c5 4.c3 Nc6 5.Nf3 Qb6 6.a3 c4 7.Nbd2 Na5 8.g3 Bd7 9.Bg2
O-O-O 10.O-O f5 11.exf6 gxf6 12.Re1 Bd6 13.Nf1 Ne7 14.Bh3 Bc7 15.Qe2 Nf5
16.Bxf5 exf5 17.Ne3 Qe6 18.Ng2 Qf7 19.Bf4 Rde8 20.Qc2 Nb3 21.Rad1 Re4 22.Bxc7
Kxc7 23.Nd2 Nxd2 24.Qxd2 Ba4 25.f3 Ree8 26.Qf4+ Kc6 27.Rc1 Rxe1+ 28.Rxe1 Qd7
29.Ne3 Re8 30.Kf2 Qe6 31.Ng2 Qd7 32.Rxe8 Qxe8 33.Qxf5 Qf7 34.Nf4 Bd1 35.Qc8+
Kb6 36.Qc5+ Ka6 37.Nxd5 b5 38.Qc6+ Ka5 39.Nc7 {#r} 1-0

[Event "3rd HSK Easter Open 2017"]
[Site "Hamburg GER"]
[Date "2017.04.17"]
[Round "7.3"]
[White "Hinrichs,Jan"]
[Black "Kuberczyk,C"]
[Result "1-0"]
[WhiteElo "2190"]
[BlackElo "2179"]
[EventType "swiss"]

1.Nf3 g6 2.g3 Bg7 3.Bg2 Nf6 4.b3 O-O 5.Bb2 c5 6.c4 d5 7.cxd5 Qxd5 8.O-O Qh5
9.Re1 Bh3 10.Bh1 Nc6 11.d3 Rac8 12.Qc1 Bg4 13.Nbd2 Rfd8 14.Qc4 Nd4 15.Bxd4
cxd4 16.Qb4 Rc7 17.Qa4 Nd5 18.Qxa7 Nc3 19.Qa3 Bh6 20.Qb2 Nxe2+ 21.Rxe2 Bxd2
22.Qxd2 Bxf3 23.Bxf3 Qxf3 24.Rae1 e6 25.Re4 Rc3 26.Qg5 Rdc8 27.Rf4 Qxd3 28.Qf6
Rf8 29.Rxd4 Qf5 30.Qxf5 gxf5 31.Rd7 Ra8 32.Re2 Ra7 33.Kg2 Kg7 34.Rxe6 Rxa2
35.Re5 f4 36.Rf5 fxg3 37.Rfxf7+ Kg6 38.Rg7+ Kf6 39.Rxg3 Rxg3+ 40.hxg3 b5
41.Rd5 {#r} 1-0

[Event "3rd HSK Easter Open 2017"]
[Site "Hamburg GER"]
[Date "2017.04.17"]
[Round "7.6"]
[White "Pererva,Viktor"]
[Black "Krause,Jonah"]
[Result "0-1"]
[WhiteElo "2093"]
[BlackElo "2341"]
[EventType "swiss"]

1.d4 Nf6 2.c4 g6 3.Nc3 Bg7 4.e4 d6 5.f3 O-O 6.Be3 Nc6 7.Nge2 a6 8.Rc1 Nd7 9.g4
Na5 10.Ng3 c5 11.d5 Ne5 12.b3 e6 13.f4 exd5 14.fxe5 d4 15.Bf4 dxe5 {#R} 0-1

[Event "3rd HSK Easter Open 2017"]
[Site "Hamburg GER"]
[Date "2017.04.17"]
[Round "7.8"]
[White "Martin Sommerfeldt,L1"]
[Black "Foerster,A"]
[Result "1-0"]
[WhiteElo "2081"]
[BlackElo "2206"]
[EventType "swiss"]

1.Nf3 c5 2.b3 Nf6 3.Bb2 g6 4.e3 Bg7 5.Be2 O-O 6.O-O Nc6 7.c4 b6 8.Nc3 Bb7 9.a3
d5 10.d3 d4 11.exd4 Nxd4 12.Nxd4 cxd4 13.Nb1 e5 14.Nd2 e4 15.dxe4 Nxe4 16.Nxe4
Bxe4 17.Bd3 Bb7 18.Re1 Qh4 19.g3 Qh3 20.Be4 Bxe4 21.Rxe4 Qf5 22.Rf4 Qd7 23.Qf3
Rad8 24.Rd1 d3 25.Bxg7 Kxg7 26.Rd2 f5 27.Qd1 Rf6 28.Rf3 Rd6 29.Re3 f4 30.Qa1+
Kg8 31.Rf3 Rd4 32.Qe1 Qd6 33.gxf4 Rxf4 34.Rfxd3 Qxd3 35.Rxd3 Rxd3 36.Qe8+ Rf8
37.Qe6+ Rf7 38.b4 h5 39.Kf1 Kg7 40.Qe5+ Kh7 41.a4 Rd1+ 42.Kg2 Rdd7 {#r} 1-0

[Event "Pieniny Masters 2017"]
[Site "Lesnica SVK"]
[Date "2017.04.17"]
[Round "9.1"]
[White "Vykouk,Jan"]
[Black "Kraus,To"]
[Result "1-0"]
[WhiteElo "2424"]
[BlackElo "2418"]

1.e4 c5 2.Nf3 d6 3.d4 cxd4 4.Nxd4 Nf6 5.Nc3 a6 6.Bg5 Nbd7 7.Qe2 h6 8.Bh4 e6
9.f4 Qc7 10.O-O-O Be7 11.g4 g5 12.fxg5 Nh7 13.Bg3 hxg5 14.Nf5 Ne5 15.Nxe7 Kxe7
16.h4 gxh4 17.Bxe5 dxe5 18.Rxh4 Kf8 19.Qh2 f6 20.Rh6 Kg7 21.Be2 Qf7 22.g5 {#r}
1-0

[Event "Pieniny Masters 2017"]
[Site "Lesnica SVK"]
[Date "2017.04.17"]
[Round "9.2"]
[White "Gazik,Viktor"]
[Black "Pechac,Jergus"]
[Result "1-0"]
[WhiteElo "2422"]
[BlackElo "2448"]

1.d4 d5 2.Nf3 Bf5 3.c4 e6 4.Qb3 Nc6 5.Bd2 dxc4 6.Qxb7 Be4 7.Nc3 Rb8 8.Qa6 Nb4
9.Qa4+ Bc6 10.Qd1 Bxf3 11.gxf3 c5 12.a3 Nc6 13.Qa4 Qd7 14.dxc5 Rxb2 15.Rd1 Qb7
16.Qxc4 Nf6 17.Bg2 Ne5 18.Qa4+ Nfd7 19.O-O Qb3 20.c6 Nb6 21.c7+ Ned7 22.Qc6
{#r} 1-0

[Event "Pieniny Ladies 2017"]
[Site "Lesnica SVK"]
[Date "2017.04.17"]
[Round "9.1"]
[White "Repkova,E"]
[Black "Hiebler,L"]
[Result "1-0"]
[WhiteElo "2329"]
[BlackElo "2029"]

1.e4 e6 2.b3 d5 3.Bb2 dxe4 4.Nc3 Nf6 5.Qe2 Be7 6.O-O-O O-O 7.Nxe4 a5 8.a4 Nbd7
9.Ng5 Rb8 10.N1f3 b5 11.Nd4 Rb6 12.Nxb5 Ba6 13.Qf3 c6 14.Nd4 Qc8 15.Bxa6 Rxa6
16.Rhe1 Re8 17.d3 Nc5 18.h4 Qb7 19.g4 Rb6 20.Bc3 Nxb3+ 21.Nxb3 Rxb3 22.cxb3
Qxb3 23.d4 Rb8 24.Kd2 Qa2+ 25.Kd3 c5 26.Rd2 Qxa4 27.Ke2 cxd4 28.Rxd4 Qb5+
29.Qd3 Qe5+ 30.Kf1 Qh2 31.Qh3 Qc7 32.Qg3 Qb7 33.Bxa5 Qh1+ 34.Ke2 Rb2+ 35.Rd2
Qb7 36.Rxb2 Qxb2+ 37.Bd2 h6 38.Nh3 Qb5+ 39.Qd3 Qe5+ 40.Kf1 Qh2 41.Qf3 Nd5
42.g5 {#r} 1-0

[Event "63rd ch-WLS 2017"]
[Site "Cardiff WLS"]
[Date "2017.04.17"]
[Round "7.6"]
[White "Taylor,RG"]
[Black "Jameson,D"]
[Result "1-0"]
[WhiteElo "1932"]
[BlackElo "2098"]

1.e4 e5 2.Nf3 Nc6 3.c3 d5 4.Qa4 f6 5.Bb5 Ne7 6.exd5 Qxd5 7.O-O Bd7 8.Bc4 Qd6
9.b4 e4 10.Ne1 Ne5 11.Qb3 h5 12.Na3 c6 13.f4 exf3 14.Nxf3 N7g6 15.d4 Nxf3+
16.Rxf3 O-O-O 17.Bf7 Nh4 18.Rf2 g5 19.Bd2 Rh7 20.Re1 Qc7 21.g3 Rg7 22.gxh4
gxh4+ 23.Rg2 Bg4 24.Be6+ Kb8 25.Bxg4 hxg4 26.Re4 Bd6 27.Rexg4 Bxh2+ 28.Kh1 h3
29.Rxg7 hxg2+ 30.Rxg2 Bf4 31.Qc2 Rh8+ 32.Kg1 Bh2+ 33.Kf1 Bg3 34.Qg6 Bf4
35.Qg8+ {#r} 1-0

[Event "ch-KAZ 2017"]
[Site "Almaty KAZ"]
[Date "2017.04.17"]
[Round "7.3"]
[White "Kazhgaleyev,M"]
[Black "Makhnyov,Denis"]
[Result "1-0"]
[WhiteElo "2594"]
[BlackElo "2379"]
[EventType "tourn"]

1.d4 d5 2.Nf3 a6 3.c4 dxc4 4.e3 b5 5.a4 Bb7 6.b3 e6 7.bxc4 bxc4 8.Bxc4 Nf6
9.Nbd2 c5 10.Rb1 Ra7 11.O-O cxd4 12.Bb2 dxe3 13.Bd4 Bxf3 14.Qxf3 Rd7 15.Bxf6
gxf6 16.Ne4 f5 17.Nf6+ Qxf6 18.Rxb8+ Ke7 19.Qxe3 Qd4 20.Qg5+ Qf6 21.Re8+ {#r}
1-0

[Event "ch-KAZ 2017"]
[Site "Almaty KAZ"]
[Date "2017.04.17"]
[Round "7.6"]
[White "Akhmetov,Ay"]
[Black "Saduakassova,D"]
[Result "1-0"]
[WhiteElo "2311"]
[BlackElo "2449"]
[EventType "tourn"]

1.e4 e5 2.Nc3 Nf6 3.g3 Bc5 4.Bg2 Nc6 5.Nge2 d6 6.O-O h5 7.h3 Be6 8.Nd5 Qd7
9.Kh2 O-O-O 10.c3 Nxe4 11.Bxe4 Bxh3 12.d4 h4 13.g4 Qxg4 14.Qd3 f5 15.dxc5 dxc5
16.Rg1 fxe4 17.Qxh3 Qxh3+ 18.Kxh3 Rxd5 19.Be3 Ne7 20.c4 Rd3 21.Nc3 Nf5 22.Nxe4
Nxe3 23.Nxc5 Rd2 24.fxe3 Rxb2 25.Rxg7 Rf8 26.Rf1 Rd8 27.Rff7 Rxa2 28.Rxc7+ Kb8
29.Rxb7+ Ka8 30.Kxh4 Rc8 31.Rbc7 Rh8+ 32.Kg3 Rf8 33.Nd7 Re8 34.Nxe5 Ra5 35.Nc6
Rxe3+ 36.Kf4 {#r} 1-0